La batata camote: estudio de la planta y su producción comercial
محفوظ في:
| المؤلف الرئيسي: | |
|---|---|
| التنسيق: | كتاب |
| اللغة: | الإسبانية |
| منشور في: |
San José
Instituto Interamericano de Ciencias Agrícolas
1978
|
| سلاسل: | Libros y Materiales Educativos, 32
|
| الموضوعات: | |
| الوسوم: |
إضافة وسم
لا توجد وسوم, كن أول من يضع وسما على هذه التسجيلة!
|
MARC
| LEADER | 00000nam a2200000 a 4500 | ||
|---|---|---|---|
| 001 | UCR9135 | ||
| 003 | CL-VaPUC | ||
| 008 | 980613e19780000CR |||||||||||||||||spa|d | ||
| 082 | 0 | 4 | |a 635.22 |b FOL |2 21 |
| 100 | 0 | |a Folquer, Fausto |e author |9 411346 | |
| 245 | 1 | 3 | |a La batata camote: estudio de la planta y su producción comercial |
| 300 | |a 144 p | ||
| 942 | |c BK | ||
| 945 | |d 19980613 00:00:00 |a mvenant | ||
| 260 | |a San José |b Instituto Interamericano de Ciencias Agrícolas |c 1978 | ||
| 650 | 7 | |a CAMOTES |2 CL-VaPUC |9 411347 | |
| 650 | 0 | |a Cultivos |9 264356 | |
| 650 | 7 | |a PRODUCCION COMERCIAL |2 CL-VaPUC |9 393990 | |
| 650 | 7 | |a FISIOLOGIA |2 CL-VaPUC |9 411348 | |
| 650 | 0 | |a Nutrición |9 259434 | |
| 650 | 0 | |a Genética |9 259443 | |
| 650 | 0 | |a Control de plagas |9 327373 | |
| 583 | |a last modification |c 19980613 00:00:00 |k Rodrigo Vera | ||
| 490 | 0 | |a Libros y Materiales Educativos, 32 | |
| 999 | |c 270356 |d 270354 | ||
| 952 | |0 0 |1 0 |4 0 |6 635_220000000000000_FOL_1978 |7 0 |8 A |9 304619 |a BIBAGR |b BIBAGR |d 2019-11-20 |i 3401383 |o 635.22 FOL 1978 |p 3401383 |r 2025-01-20 |w 2019-11-20 |y BK |k AGR | ||